[Event "Zug FIDE GP"]
[Site "Zug"]
[Date "2013.04.18"]
[Round "1"]
[White "Morozevich, Alexander"]
[Black "Kasimdzhanov, Rustam"]
[Result "1-0"]
[WhiteElo "2758"]
[BlackElo "2709"]
[Annotator "Sumets,Andrey"]
[PlyCount "105"]
[EventDate "2013.04.18"]
[EventType "tourn"]
[EventRounds "11"]
[EventCountry "SUI"]
[EventCategory "21"]
[SourceTitle "CBM 154"]
[Source "ChessBase"]
[SourceDate "2013.05.15"]
[SourceVersion "1"]
[SourceVersionDate "2013.05.15"]
[SourceQuality "1"]

1. g3 {Mainly Morozevich has played this in blitz and rapid games.The only classical Morozevich game that I've managed to find is the game against Svidler.} d5 2. Nf3 (2. Bg2 Nf6 3. Nf3 g6 4. c4 d4 5. d3 a5 6. Na3 Nc6 7. Nb5 e5 8. O-O Bg7 9. e3 dxe3 10. Bxe3 O-O 11. Re1 Be6 12. b3 Qc8 13. d4 exd4 14. Bf4 $5 Ne8 15. Qd2 (15. Nfxd4 $1 Nxd4 16. Nxd4 Bg4 17. Qd2 c5 18. Nb5 Bxa1 19. Rxa1 $44) 15... Qd7 16. Rad1 Bg4 $11 {Morozevich,A-Svidler,P RUS-ch 57th Moscow 2004 1/2-1/2 (25)}) 2... Bg4 3. Bg2 Nd7 4. h3 (4. d3 c6 5. h3 Bh5 6. g4 Bg6 7. Nh4 e6 8. Nxg6 hxg6 9. e3 Bd6 10. Qe2 Ne7 (10... f5 11. Nd2 Ngf6 12. e4 Qe7 13. Nb3 O-O-O 14. Bd2 fxg4 $6 (14... fxe4 15. dxe4 Nxe4 16. Bxe4 dxe4 17. Qxe4 Qf6 18. O-O-O Be5 19. c3 g5 $13) 15. hxg4 Rxh1+ 16. Bxh1 Rh8 17. O-O-O $14 {1-0 Morozevich,A-Bacrot,E World Championat Blitz Moscow 2007 1-0 (37)}) 11. Nd2 g5 12. Nf3 Ng6 13. Bd2 Nde5 14. O-O-O Qf6 15. Bc3 Nxf3 $4 (15... Qe7 $11) 16. Bxf6 {1-0 Morozevich,A-Rublevsky,S World championat Blitz Moscow 2007}) 4... Bxf3 5. Bxf3 Ngf6 6. d3 c6 7. Nd2 g6 $6 {This is not a novelty, but we haven't met it before in grandmaster games. It is difficult to explain the bishop exchange combined with the setup g6, g7.} (7... e6 8. e4 Bc5 9. Qe2 Qc7 10. c3 dxe4 11. dxe4 Ne5 12. Nc4 (12. Bg2 Rd8 13. O-O Nd3 $11) 12... Nxc4 13. Qxc4 Nd7 $11 14. Bf4 Bd6 15. Bxd6 Qxd6 16. Qd4 Qxd4 17. cxd4 c5 18. dxc5 $6 Nxc5 19. O-O Ke7 $15 {Rozentalis,E McNab,C-Rozentalis,E Koszalin 1998 0-1(51)}) (7... e5 8. e4 dxe4 9. dxe4 Bc5 10. O-O Qe7 (10... O-O 11. a4 a5 12. Nc4 Qc7 13. Qe2 Nb6 {1/2-1/2 McNab,C-Arun Prasad,S Uxbridge 2009}) 11. c3 O-O (11... a5 12. Qe2 O-O) 12. b4 Bb6 13. a4 Rfd8 14. Qc2 Rac8 $6 (14... a6 $5) 15. Be2 c5 16. b5 Ne8 17. Nc4 Nd6 18. Bg5 f6 19. Be3 $16 {Botvinnik,M-Szilagyi,G Amsterdam 1966 1-0 (36)}) ({RR} 7... e5 8. O-O Bc5 9. e3 a5 10. e4 O-O 11. Qe2 Re8 12. Bg2 a4 13. a3 Qb6 14. Kh1 Qa6 15. Qf3 Nf8 16. b4 axb3 17. Nxb3 dxe4 18. dxe4 Ne6 19. Bb2 Bd4 20. Nxd4 Nxd4 21. Bxd4 exd4 22. Rfe1 {Nakamura,H (2816)-So,W (2760) Las Vegas 2015 ½-½}) ({RR} 7... e5 8. e4 dxe4 9. dxe4 Qc7 10. O-O Be7 11. Bg2 O-O 12. Qe2 Rad8 13. a4 Nc5 14. Nc4 Ne6 15. c3 Nd7 16. b4 g6 17. Bh6 Rfe8 18. h4 Bf8 19. Be3 Nb6 20. a5 Nxc4 21. Qxc4 Qb8 22. h5 {Nakamura,H (2788)-Drozdowski,K (2448) chess.com INT 2024 1-0 (71)}) 8. e4 Bg7 9. Qe2 $146 ({RR} 9. O-O O-O 10. Qe2 e5 11. Rd1 Qe7 12. Nf1 Nc5 13. c3 Rad8 14. Bg5 h6 15. Bd2 Nxd3 16. Bxh6 Nf4 17. Bxf4 dxe4 18. Bg5 exf3 19. Qxf3 e4 20. Qe2 Rfe8 21. Rxd8 Qxd8 22. Rd1 Qc8 23. Bxf6 Bxf6 {Emiroglu,C (2299)-Balacek,T (2178) Prague 2012 1-0 (59)}) 9... Qc7 10. Bg2 O-O 11. O-O e5 {Probably it's time to open up the position.} 12. b3 (12. exd5 $5 Nxd5 (12... cxd5 13. c4 d4 14. b4 $14) 13. h4 Rae8 14. h5 $14 {I believe that White, who possesses the bishop pair, has better chances.}) 12... Rfe8 13. Bb2 Rad8 14. Rfe1 d4 {Sooner or later Black should close the centre. However right now closing the centre is a slightly premature decision. It helps Morozevich to define his plan.} (14... a5 $5 15. exd5 (15. Rad1 d4) 15... Nxd5 16. h4 (16. Nf3 $2 e4 $19) 16... e4 17. Bxg7 exd3 18. Qxd3 Kxg7 $11) 15. h4 Nc5 16. Bh3 b5 17. Nf3 a5 18. Bc1 $14 a4 (18... h6 19. Bd2 Bf8 20. Nh2 {It is difficult to suggest something good for Black. He should wait until White pushes f4 and look for tactical chances. As we could see in the game if Black hadn't played a4.}) 19. Bd2 Ra8 $2 (19... a3 {preventing b4 but Black has no hope for counterplay} 20. Rac1 (20. b4 $6 Na4) 20... Bf8 21. Red1 b4 22. Nh2 {White has plenty of time to prepare f4 properly}) (19... axb3 20. axb3 Ra8 {Trying to swap rooks} 21. Qf1 h5 $14 {It is not a very joyful position for Black but he could keep on fighting.}) 20. b4 $1 Ne6 21. Rac1 {White's plan is clear.} Rad8 22. Ng5 Nf8 23. c4 dxc3 24. Rxc3 N6d7 (24... h6 25. Nf3 Ne6 26. Rec1 Rd6 27. Be3 (27. Qd1 Qb7 28. Qc2 Rc8 29. Be3 Nd7 30. h5 $16) 27... Nd4 28. Qd1 Nxf3+ (28... Nd7 29. h5 $16) 29. Qxf3 h5 30. Bc5 Rdd8 31. Qe2 Nd7 32. Be3 Nb8 33. Kg2 $16) 25. Rec1 Nb8 26. a3 h6 27. Nf3 Ne6 (27... h5 $1 28. Kg2 Ne6 29. Be3 Rd6 $14) 28. Be3 {As far as I am concerned the pawn advance h4-h5 is unpleasant for Black. So I can't understand why Black permits it and why White misses this opportunity.} (28. h5 $1 g5 (28... Rd6 29. hxg6 fxg6 30. Kg2 Rf8 31. Be3 Qf7 32. Rh1 $16) 29. Be3 Rd6 30. Bf5 $16) 28... Rd6 29. Qd2 (29. h5 $1 g5 30. Qc2) 29... Kh7 (29... h5 $5) 30. Kg2 Red8 31. Rh1 {Black has no weaknesses except a well-protected pawn on c6 but It is not easy to give any good advice to Black even with computer assistance.} Qe7 (31... Re8 32. Bxe6 Rexe6 33. h5 $5 g5 34. Bxg5 hxg5 35. Nxg5+ Kg8 36. Nxe6 Rxe6 37. h6 Bf6 (37... Bf8 38. h7+ Kh8 39. d4 exd4 40. Qxd4+ f6 41. Rd3 Rd6 42. Qc5 Nd7 43. Qh5 $1 Rxd3 44. Qf7 $18) 38. Rh5 $16) 32. Bb6 (32. h5 g5 33. Bxe6 $5 Rxe6 34. Bxg5 $5 hxg5 35. Nxg5+ Kg8 36. Nxe6 Qxe6 37. h6 Bf6 38. Rh5) 32... Re8 33. Rhc1 Qb7 (33... Nd7 $5 34. Be3 Nb8) 34. Be3 Qe7 (34... Nd4 35. Bxd4 exd4 36. Rc5 Na6 37. R5c2 Nb8 38. Ne1 Qe7 39. h5) 35. Qa2 Kh8 36. Qc2 (36. Qd2 Kh7 37. h5 g5 38. Nh2 (38. Bxe6 {is not so clear:} Rxe6 39. Bxg5 hxg5 40. Nxg5+ Kg8 41. Nxe6 Qxe6 42. R1c2 Bh6) 38... Kg8 39. Bf5 Qc7 40. Ng4) 36... Kg8 37. Qe2 Kh8 38. Kh2 Kg8 39. h5 $1 {At last Morozevich played h5. I don't understand why he didn't push h5 earlier.} g5 (39... Qb7 40. Nh4 Kh7 41. Qg4 Nd4 42. Bxd4 exd4 43. R3c2 Re7 44. f4 Nd7 45. e5 $18) 40. Ne1 Kh8 41. Ng2 Kg8 {Useful moves are over, he has to wait.} 42. Bc5 $5 (42. Bxe6 $5 Qxe6 43. Bc5 Rd7 44. Ne3 Bf8 45. Nf5) 42... Nxc5 43. Rxc5 Red8 44. Ne3 Qa7 (44... Rxd3 $2 45. Nd5 R3xd5 46. exd5 cxd5 47. Qxb5 $18) 45. R5c3 Rf6 46. Nf5 Re8 47. Qe3 Qxe3 (47... Qb7 48. R3c2 Qc7 49. Rg1 Bf8 50. f4 exf4 51. gxf4 Bd6 52. e5 $18) 48. fxe3 $18 Bf8 49. Bg2 Ree6 (49... Na6 $1 {Better die standing than live kneeling} 50. Rxc6 Rxc6 51. Rxc6 Nxb4 $1 52. axb4 Ra8 53. Rc2 a3 54. Ra2 Bxb4 55. Nxh6+ Kf8 {White should win gradually. For example} 56. Bf3 Bc3 57. Bd1 Bb2 58. Nf5 b4 59. h6 Kg8 60. d4 exd4 61. exd4 $18) 50. d4 exd4 (50... Nd7 51. d5 cxd5 52. exd5 Re8 53. e4 Nb6 54. g4 Nc4 55. Bf1 $18) 51. exd4 g4 52. Rf1 Nd7 53. Rf4 1-0

[Event "Alekhine Memorial"]
[Site "Paris/St Petersburg"]
[Date "2013.04.21"]
[Round "1"]
[White "Kramnik, Vladimir"]
[Black "Vitiugov, Nikita"]
[Result "1-0"]
[WhiteElo "2801"]
[BlackElo "2712"]
[PlyCount "99"]
[EventDate "2013.04.21"]
[EventType "tourn"]
[EventRounds "9"]
[EventCountry "FRA"]
[EventCategory "20"]
[SourceTitle "CBM 154"]
[Source "ChessBase"]
[SourceDate "2013.05.15"]
[SourceVersion "1"]
[SourceVersionDate "2013.05.15"]
[SourceQuality "1"]

1. Nf3 d5 2. g3 c6 3. Bg2 Bg4 4. O-O Nd7 5. d3 Ngf6 6. Qe1 e5 7. e4 dxe4 8. dxe4 Bd6 9. Nbd2 O-O 10. h3 Bh5 11. Nc4 Bc7 12. a4 Re8 13. Nh4 Nc5 14. Nf5 Ne6 $146 ({RR} 14... Bg6 15. Bd2 b5 16. Na5 bxa4 17. Rd1 Ncxe4 18. Bb4 Qc8 19. Ne7+ Rxe7 20. Bxe7 Qa6 21. b4 axb3 22. Nxb3 Re8 23. Qe3 {0-1 (23) Vaganian,R (2590)-Gelfand,B (2719) Almaty 2008}) ({RR} 14... a5 15. b3 Ne6 16. Bb2 Qb8 17. Qc3 b5 18. axb5 cxb5 19. Nce3 Nd4 20. Kh1 Qb7 21. g4 Bg6 22. Nd5 Nxd5 23. exd5 Bxf5 24. gxf5 Bb6 25. Qd3 Rac8 26. Bxd4 Bxd4 27. Rxa5 b4 28. Qe2 Qc7 29. Ra2 {Krysztofiak,M (2423)-Agdestein,S (2637) Warsaw 2014 ½-½ (43)}) 15. Be3 Nf4 16. f3 Nxg2 17. Kxg2 Bg6 18. Rd1 Nd5 19. Nh4 Nxe3+ 20. Qxe3 Qe7 21. Qb3 Rab8 22. Rf2 Red8 23. Rxd8+ Bxd8 24. Rd2 Bc7 25. Rd3 Qe6 26. Qb4 b6 27. b3 a6 28. Qd2 b5 29. Rd7 bxc4 30. Rxc7 cxb3 31. Rb7 Qc8 32. Rxb3 Rxb3 33. cxb3 f6 34. Qd6 Kf7 35. g4 Ke8 36. Kg3 Qb7 37. b4 Qc8 38. a5 Kf7 39. Ng2 h5 40. Ne3 hxg4 41. hxg4 Qe6 42. Qd3 Qc8 43. Qc4+ Kf8 44. Qc5+ Kg8 45. b5 axb5 46. Qb6 Qf8 47. a6 Qb4 48. a7 Qe1+ 49. Kg2 Qd2+ 50. Kg1 1-0

[Event "Nakhchivan op"]
[Site "Nakhchivan"]
[Date "2013.04.26"]
[Round "5"]
[White "Pantsulaia, Levan"]
[Black "Landa, Konstantin"]
[Result "1-0"]
[WhiteElo "2556"]
[BlackElo "2642"]
[PlyCount "72"]
[EventDate "2013.04.22"]
[EventType "swiss"]
[EventRounds "9"]
[EventCountry "AZE"]
[SourceTitle "CBM 154 Extra"]
[Source "ChessBase"]
[SourceDate "2013.06.25"]
[SourceVersion "2"]
[SourceVersionDate "2013.06.25"]
[SourceQuality "1"]

1. Nf3 d5 2. g3 g6 3. Bg2 Bg7 4. O-O e5 5. d3 Ne7 6. e4 O-O 7. Nbd2 Nbc6 8. Re1 Re8 9. c3 a5 10. a4 h6 11. exd5 ({RR} 11. Qe2 Be6 12. h3 Qd7 13. Kh2 Rad8 14. Nf1 f5 15. exf5 gxf5 16. N3d2 Ng6 17. Nb3 b6 18. Nfd2 e4 19. Qf1 Nce5 20. dxe4 dxe4 21. Nd4 Nd3 22. Nxe6 Rxe6 23. Re2 Nge5 24. f4 Nxc1 25. Rxc1 Nd3 {Offermann,F (2085)-Rakotomaharo,F (2448) chess.com INT 2024 0-1 (33)}) 11... Nxd5 12. Nc4 Bf5 13. Qb3 $146 ({RR} 13. Nh4 Be6 14. Nf3 f6 15. Qb3 Nb6 16. Qb5 Nxc4 17. dxc4 Rb8 18. Be3 f5 19. Red1 Qf6 20. Nd2 Kh7 21. f4 e4 22. Nb3 Qf7 23. Bf1 Re7 24. Nc5 Bc8 25. Rd2 Qe8 26. Nb3 Bd7 27. Qd5 {½-½ (27) Gokhale,C (2357)-Raetsky,A (2438) Abu Dhabi 2003}) 13... Bxd3 14. Nfd2 Rb8 15. Ne4 Nf6 16. Nc5 e4 17. Nxd3 Qxd3 18. Be3 Qd5 19. Rad1 Qf5 20. Bf4 Ng4 21. h3 Nxf2 22. Ne3 Qc8 23. Kxf2 g5 24. Qd5 Ne7 25. Qxe4 Ng6 26. Qc4 gxf4 27. gxf4 Nh4 28. Nd5 Rxe1 29. Rxe1 Qf8 30. Qxc7 b5 31. axb5 Nxg2 32. Kxg2 Rxb5 33. Ne7+ Kh8 34. Re2 a4 35. Nc6 Bf6 36. Qd7 Kh7 1-0

[Event "Nakhchivan op"]
[Site "Nakhchivan"]
[Date "2013.04.29"]
[Round "7"]
[White "Pantsulaia, Levan"]
[Black "Zhigalko, Sergei"]
[Result "1-0"]
[WhiteElo "2556"]
[BlackElo "2656"]
[PlyCount "75"]
[EventDate "2013.04.22"]
[EventType "swiss"]
[EventRounds "9"]
[EventCountry "AZE"]
[SourceTitle "CBM 154 Extra"]
[Source "ChessBase"]
[SourceDate "2013.06.25"]
[SourceVersion "2"]
[SourceVersionDate "2013.06.25"]
[SourceQuality "1"]

1. Nf3 d5 2. g3 Nf6 3. Bg2 c5 4. c4 d4 5. e3 Nc6 6. exd4 cxd4 7. O-O e5 8. Re1 Nd7 9. d3 Be7 10. Na3 O-O 11. Nc2 a5 12. a3 $146 ({RR} 12. b3 f6 13. Nh4 Nc5 14. Ba3 g5 15. Bd5+ Kh8 16. Ng2 Bf5 17. Bxc5 Bxc5 18. f4 gxf4 19. gxf4 Qd7 20. Kf2 Rae8 21. Qf3 Ne7 22. Be4 Bg4 23. Qg3 f5 24. h3 fxe4 25. hxg4 exf4 {0-1 (25) Rust-Lux,K (2072)-Wachinger,N (2441) Bremen GER 2024}) ({RR} 12. b3 Re8 13. a3 Nc5 14. Nxe5 Nxe5 15. Rxe5 Nxb3 16. Rb1 a4 17. Bf4 Bf8 18. Rb5 Ra5 19. Bg5 Qc7 20. Bf4 Qd8 21. Bg5 f6 22. Bd5+ Be6 23. Bxe6+ Rxe6 24. Qg4 Rea6 25. Bf4 Rxb5 26. cxb5 Ra8 {Sanal,V (2593)-Andreikin,D (2729) Chess.com INT 2022 0-1 (61)}) 12... Re8 13. Bd2 f5 14. b4 Bf6 15. b5 Ne7 16. Ng5 Nc5 17. Qh5 h6 18. Qf7+ Kh8 19. Qh5 Kg8 20. Qf7+ Kh8 21. Qh5 Rf8 22. Nxd4 Qxd4 23. Be3 Qd6 24. Nf7+ Rxf7 25. Qxf7 Nxd3 26. c5 Qe6 27. Qxe6 Bxe6 28. Bxb7 Rb8 29. c6 Nxe1 30. Rxe1 Bc8 31. Bxc8 Nxc8 32. a4 Kg8 33. Rd1 Kf7 34. Rd7+ Ke6 35. Rb7 Ra8 36. c7 Kd7 37. Rb8 f4 38. Bc5 1-0

[Event "USA-ch"]
[Site "Saint Louis"]
[Date "2013.05.07"]
[Round "5"]
[White "Ramirez Alvarez, Alejandro"]
[Black "Shankland, Samuel L"]
[Result "1-0"]
[WhiteElo "2551"]
[BlackElo "2612"]
[PlyCount "67"]
[EventDate "2013.05.03"]
[EventType "swiss"]
[EventRounds "9"]
[EventCountry "USA"]
[SourceTitle "CBM 154 Extra"]
[Source "ChessBase"]
[SourceDate "2013.06.25"]
[SourceVersion "2"]
[SourceVersionDate "2013.06.25"]
[SourceQuality "1"]

1. Nf3 c5 2. b3 d6 3. c4 g6 4. d4 $146 ({RR} 4. Bb2 e5 5. g3 Bg7 6. Bg2 Nc6 7. O-O Nge7 8. Nc3 O-O 9. d3 Rb8 10. Ne1 Be6 11. Nd5 Qd7 12. f4 f5 13. Nc2 a6 14. Qd2 Nd4 15. e3 Nxc2 16. Qxc2 Nc6 17. fxe5 dxe5 18. Rae1 g5 {Ivanov,I (2430)-Spraggett,K (2450) Montreal 1981 ½-½ (40)}) ({RR} 4. Bb2 e5 5. g3 Bg7 6. Bg2 Ne7 7. O-O O-O 8. Nc3 Nbc6 9. d3 h6 10. Nd2 f5 11. a3 a5 12. e3 g5 13. Nd5 Nxd5 14. cxd5 Ne7 15. f4 exf4 16. Bxg7 Kxg7 17. gxf4 Ng6 18. Kh1 b6 {Kramnik,V (2753)-Nepomniachtchi,I (2784) chess24.com INT 2020 0-1 (35)}) ({RR} 4. Bb2 e5 5. Nc3 Bg7 6. d3 Nc6 7. g3 Nge7 8. Bg2 O-O 9. O-O h6 10. Nd2 Be6 11. a3 d5 12. cxd5 Nxd5 13. Rc1 Nde7 14. Na4 b6 15. b4 cxb4 16. Bxc6 Nxc6 17. Rxc6 Bh3 18. Qc2 Bxf1 {Ricken,K (2199)-Bok,B (2599) Helmond NED 2024 ½-½ (51)}) ({RR} 4. Bb2 e5 5. e3 Bg7 6. Be2 Nc6 7. O-O Nge7 8. Nc3 O-O 9. d3 a6 10. Qd2 Rb8 11. Rfd1 b5 12. cxb5 axb5 13. d4 b4 14. Na4 cxd4 15. exd4 e4 16. Ne1 Nd5 17. Qc2 Qe8 18. Bc4 Qe6 {Smyslov,V (2565)-Mestel,A (2500) Hastings 1982 ½-½ (31)}) 4... Bg7 5. e3 Nc6 6. Bb2 Bg4 7. Be2 cxd4 8. Nxd4 Bxe2 9. Qxe2 Nxd4 10. Bxd4 Bxd4 11. exd4 d5 12. c5 Nh6 13. Nd2 Nf5 14. O-O O-O 15. Nf3 b6 16. b4 bxc5 17. dxc5 Re8 18. Rad1 e5 19. Rfe1 f6 20. Qa6 d4 21. Nd2 Kg7 22. Ne4 Rf8 23. c6 Nh4 24. Rc1 Qd5 25. c7 d3 26. Qc6 Qd4 27. Rc4 d2 28. Rd1 Qd3 29. Rxd2 Qb1+ 30. Rc1 Qxb4 31. Rd7+ Kh6 32. Nxf6 Rxf6 33. Qxf6 Qg4 34. Qg7+ 1-0

[Event "EU-ch 14th"]
[Site "Legnica"]
[Date "2013.05.07"]
[Round "3"]
[White "Khairullin, Ildar"]
[Black "Pashikian, Arman"]
[Result "1-0"]
[WhiteElo "2657"]
[BlackElo "2603"]
[PlyCount "59"]
[EventDate "2013.05.05"]
[EventType "swiss"]
[EventRounds "11"]
[EventCountry "POL"]
[SourceTitle "CBM 155"]
[Source "ChessBase"]
[SourceDate "2013.07.16"]
[SourceVersion "1"]
[SourceVersionDate "2013.07.16"]
[SourceQuality "1"]

1. Nf3 d5 2. g3 c6 3. Bg2 Bg4 4. O-O Nd7 5. d3 e6 6. h3 Bh5 7. e4 Bd6 8. exd5 exd5 9. c4 Ne7 10. Nc3 dxc4 ({RR} 10... O-O 11. cxd5 cxd5 12. d4 f6 13. Qb3 Nb6 14. Ne4 Bg6 15. Re1 Rc8 16. Bd2 Re8 17. Ba5 Kh8 18. Bxb6 axb6 19. Nc3 Bf7 20. Re2 Rc4 21. a3 Rf8 22. Rae1 Nc6 23. Nb5 Na5 24. Qd1 Qd7 25. Nxd6 {Khairullin,I (2651)-Duport,N (2219) Rhodes 2013 1-0 (48)}) 11. dxc4 Bc7 $146 ({RR} 11... Ne5 12. g4 Bg6 13. Nxe5 Bxe5 14. Be3 O-O 15. f4 Bxc3 16. bxc3 f5 17. Bc5 Re8 18. Re1 Nc8 19. Qxd8 Rxd8 20. Bd4 Rd7 21. a4 Bf7 22. a5 a6 23. Bc5 Rd8 24. Rad1 Rxd1 25. Rxd1 Bxc4 26. Rd8+ {Efimenko,Z (2656)-Andersen,M (2505) Zalakaros 2016 1-0}) 12. Re1 O-O 13. b3 Ba5 14. Bb2 Re8 15. a3 Bc7 16. Ne4 Be5 17. Nxe5 Bxd1 18. Raxd1 Nxe5 19. Rxd8 Raxd8 20. Bxe5 Ng6 21. Bc7 Rc8 22. Ba5 b6 23. Bc3 Rcd8 24. Kf1 Kf8 25. Nd2 Rd3 26. Rxe8+ Kxe8 27. Bxc6+ Kd8 28. Bb4 f5 29. Ke2 Ne5 30. Bd5 1-0

[Event "EU-ch 14th"]
[Site "Legnica"]
[Date "2013.05.15"]
[Round "10"]
[White "Tkachiev, Vladislav"]
[Black "Grachev, Boris V"]
[Result "1-0"]
[WhiteElo "2632"]
[BlackElo "2687"]
[PlyCount "137"]
[EventDate "2013.05.05"]
[EventType "swiss"]
[EventRounds "11"]
[EventCountry "POL"]
[SourceTitle "CBM 155"]
[Source "ChessBase"]
[SourceDate "2013.07.16"]
[SourceVersion "1"]
[SourceVersionDate "2013.07.16"]
[SourceQuality "1"]

1. Nf3 d5 2. g3 c6 3. Bg2 Bg4 4. h3 Bxf3 5. Bxf3 Nd7 6. d3 e5 ({RR} 6... Ngf6 7. e4 dxe4 8. dxe4 e5 9. O-O Be7 10. Qe2 O-O 11. a4 Nc5 12. Nd2 Qc7 13. h4 Rfd8 14. Kg2 h6 15. Ra2 Rab8 16. a5 b5 17. axb6 axb6 18. b4 Ne6 19. c3 b5 20. Nb3 c5 21. Bd2 {Ding,L (2777)-Malakhov,V (2695) China 2016 ½-½}) 7. e4 dxe4 8. Bxe4 $146 ({RR} 8. dxe4 Bc5 9. Nd2 Ngf6 10. O-O Qc7 11. a4 O-O 12. Qe2 Rfd8 13. Nb3 Be7 14. Be3 Nf8 15. c3 Ne6 16. h4 Nd7 17. Bg4 Nec5 18. Nxc5 Nxc5 19. Qc4 b6 20. Rfd1 Rxd1+ 21. Rxd1 Rd8 22. Rxd8+ Qxd8 {Rodshtein,M (2613)-Kunin,V (2528) Austria AUT 2024 1-0 (36)}) ({RR} 8. dxe4 Bc5 9. Nd2 Qc7 10. Qe2 Ne7 11. a4 a5 12. O-O O-O 13. Kg2 Ba7 14. Nc4 Rfb8 15. Bd2 Bd4 16. Rfd1 Nf8 17. Qe1 b6 18. Bg4 Neg6 19. h4 b5 20. Bxa5 Qe7 21. axb5 cxb5 22. Ne3 Nxh4+ {Rodshtein,M (2623)-Gombocz,F (2297) Eforie Nord ROU 2025 1-0 (42)}) 8... g6 9. Nd2 Ngf6 10. Bg2 Bg7 11. O-O O-O 12. a4 Re8 13. a5 a6 14. Nc4 Qc7 15. Re1 Nd5 16. Bd2 Re7 17. Qb1 Rae8 18. Qa2 N7f6 19. Qb3 h6 20. Re2 e4 21. Rae1 exd3 22. Qxd3 Rxe2 23. Rxe2 Rxe2 24. Qxe2 Qd7 25. Qf3 Qe7 26. Kf1 Kh7 27. Qe2 Qc5 28. b3 Qd4 29. Bf3 Nd7 30. h4 Ne5 31. Nxe5 Bxe5 32. h5 f5 33. hxg6+ Kxg6 34. Kg2 Nc3 35. Bh5+ Kg7 36. Bxc3 Qxc3 37. f4 Bd6 38. Qe6 Qf6 39. Qd7+ Qe7 40. Qxf5 Qf6 41. Qd7+ Qe7 42. Qg4+ Kh8 43. Qg6 Qf8 44. Bg4 Bb4 45. Bf5 Qg7 46. Qe8+ Qg8 47. Qxg8+ Kxg8 48. Bc8 Bxa5 49. Bxb7 c5 50. Bxa6 Kf7 51. g4 Ke6 52. Bc4+ Kf6 53. Kf3 Bd2 54. Ke4 Bc1 55. Bb5 Bd2 56. Be8 Ke7 57. Bh5 Kd6 58. Kf5 Be3 59. Bf7 Ke7 60. Bc4 Bc1 61. Ke5 Be3 62. Bb5 Bd2 63. f5 Bg5 64. Kd5 Be3 65. c3 Bf2 66. Bd3 Kf6 67. b4 cxb4 68. cxb4 Kg5 69. b5 1-0

[Event "Wunsiedel op 7th"]
[Site "Wunsiedel"]
[Date "2013.05.11"]
[Round "5"]
[White "Chatalbashev, Boris"]
[Black "Peralta, Fernando"]
[Result "1-0"]
[WhiteElo "2553"]
[BlackElo "2626"]
[PlyCount "63"]
[EventDate "2013.05.09"]
[EventType "swiss"]
[EventRounds "7"]
[EventCountry "GER"]
[SourceTitle "CBM 154 Extra"]
[Source "ChessBase"]
[SourceDate "2013.06.25"]
[SourceVersion "2"]
[SourceVersionDate "2013.06.25"]
[SourceQuality "1"]

1. Nf3 {Marin,Mihail} d5 2. g3 Nf6 3. Bg2 c6 4. O-O Bf5 5. d3 e6 6. Nfd2 ({RR} 6. Nbd2 Nbd7 7. Qe1 h6 8. e4 Bh7 9. Qe2 Be7 10. e5 Ng8 11. Nb3 Bf8 12. c4 Ne7 13. Nbd4 Nf5 14. Nxf5 Bxf5 15. cxd5 cxd5 16. d4 a5 17. Be3 Be7 18. Rfc1 O-O 19. Qb5 a4 20. Nd2 Ra7) 6... h5 ({RR} 6... h6 7. e4 Bh7 8. Nc3 Nbd7 ({RR} 8... Be7 9. Qe2 O-O ({RR} 9... a5 10. Kh1 a4 11. a3 b5 12. f4 Na6 13. Nf3 O-O 14. e5 Nd7 15. f5 Bxf5 16. Nd4 Qc7 17. Nxf5 exf5 18. Rxf5 g6 19. Rf1 Qxe5 20. Bxh6 Qxe2 21. Nxe2 Rfe8 22. Nd4 Rac8 23. Bh3 f5 24. g4) 10. f4 Na6 11. Kh1 Rc8 12. g4 ({RR} 12. Nf3) 12... Nb4 13. g5 ({RR} 13. Nb3 d4 14. Nd1 c5) 13... hxg5 14. fxg5 Nxe4 15. Ndxe4 ({RR} 15. dxe4 d4 16. Nd1 Nxc2 17. Rb1 d3) 15... dxe4 16. Nxe4 c5 17. Be3 Nd5 18. Bd2 b5 19. Rf2 c4) 9. Qe2 Nb6 ({RR} 9... Be7 10. e5 Ng8 11. f4 Bf8 12. g4 Ne7 13. Bh3 h5 14. f5 ({RR} 14. gxh5 Nf5) 14... hxg4 15. fxe6 fxe6 16. Bxg4 Nf5) 10. a4 a5 11. f4 Bb4 12. f5 Qe7 ({RR} 12... O-O 13. e5 Nfd7 14. f6 ({RR} 14. g4 exf5 15. gxf5 Bc5+ 16. Kh1 Re8) 14... gxf6 15. exf6 ({RR} 15. Nf3 fxe5 16. Bxh6 f6) 15... Nxf6 16. Nf3) 13. Nb3 dxe4 ({RR} 13... exf5 14. Qf2 Ra6 15. exd5) 14. Nxe4 ({RR} 14. dxe4 exf5 15. Be3) 14... Bxf5 ({RR} 14... Nxe4 15. dxe4 exf5 16. Be3 Nd7 17. exf5) 15. Nxf6+ gxf6 ({RR} 15... Qxf6 16. g4) 16. Rxf5 exf5 17. Qf2 Nd7 ({RR} 17... Qe1+ 18. Qxe1+ Bxe1 19. Be3) ({RR} 17... Nd5 18. c3 Bd6 19. Bd2) 18. Bf4 ({RR} 18. d4 Qe1+ 19. Qxe1+ Bxe1 20. c3) ({RR} 18. c3 Bd6 19. Bd2) 18... Ne5 19. d4 Ng6 20. c3 Nxf4 21. gxf4 {Kamsky,G (2720)-Aronian,L (2754) Nalchik 2009 CBM 130 [Marin,Mihail] ½-½ (40)} ({RR} 21. Qxf4 Bd6 22. Qxf5 Qe6)) 7. e4 Bg6 8. h3 ({RR} 8. f4 Nbd7 9. Qe2 Qb6+ 10. Kh1 O-O-O 11. Nc3 Qa6 12. e5 Ng4 13. Nf3 Be7 14. h4 Qb6 15. Bd2 Nb8 16. b4 Kd7 17. Rab1 Rc8 18. b5 c5 19. Nd1 c4 20. Ne3 cxd3 21. cxd3 Nxe3 22. Bxe3 Bc5 {Ibarra Jerez,J (2198)-Sos Andreu,E (2356) Guardamar del Segura ESP 2023 1-0 (38)}) 8... h4 $146 ({RR} 8... Bc5 9. Nc3 Nbd7 10. Kh1 Qc7 11. Nb3 Bb6 12. a4 a5 13. Bf4 e5 14. Bg5 dxe4 15. dxe4 Nh7 16. Bd2 f6 17. Qe2 Bf7 18. Nd1 Bxb3 19. cxb3 Nhf8 20. Qc4 Qd6 21. Bc3 Nc5 22. Ne3 Qd3 23. Qxd3 {Berkes,F (2652)-Kosteniuk,A (2550) Tallinn 2016 ½-½ (55)}) 9. g4 dxe4 10. dxe4 e5 11. Nc3 Na6 12. Nc4 Nd7 13. Be3 Qc7 14. f4 f6 15. Qe2 b5 16. f5 Bf7 17. Nd2 Bc5 18. Bxc5 Naxc5 19. b4 Qd6 20. Qe3 Nb7 21. a4 bxa4 22. Nxa4 O-O 23. Nf3 a5 24. Rfd1 Qe7 25. Rxd7 Qxd7 26. Nb6 Qe7 27. Nxa8 Rxa8 28. g5 fxg5 29. Qxg5 Qxb4 30. f6 g6 31. Qh6 Qf8 32. Qxh4 1-0